000 00315nam a2200145Ia 4500
100 _aSankar/ Krishna
942 _cBK
654 _acomputer
245 _aJava 1.2. Class Libraries Unleashed
260 _bTechmedia
_c1999
082 _a005.133'J'
_bSAN
300 _a1244
546 _aENGLISH
999 _c28404
_d28404